Point Leaders Boston Bruins (2000-2025) - Statistics

General Stats
  • This quiz has been taken 24 times
  • The average score is 20 of 25
Answer Stats
Year Points Player % Correct
2006 73 Patrice Bergeron
100%
2015 55 Patrice Bergeron
100%
2016 68 Patrice Bergeron
100%
2010 52 (x2) Patrice Bergeron & David Krejci
100%
2013 36 Brad Marchand
95%
2017 85 Brad Marchand
95%
2018 85 Brad Marchand
95%
2019 100 Brad Marchand
95%
2021 69 Brad Marchand
95%
2022 80 Brad Marchand
95%
2020 95 David Pastrnak
95%
2023 113 David Pastrnak
95%
2024 110 David Pastrnak
95%
2025 106 David Pastrnak
95%
2011 62 (x2) Milan Lucic & David Krejci
82%
2000 60 Joe Thornton
77%
2003 101 Joe Thornton
77%
2004 73 Joe Thornton
77%
2014 69 David Krejci
64%
2007 96 Marc Savard
59%
2008 78 Marc Savard
59%
2009 88 Marc Savard
59%
2012 67 Tyler Seguin
59%
2002 70 Sergei Samsonov
27%
2001 95 Jason Allison
18%
No matching quizzes found
Score Distribution
Percent of People with Each Score
Percentile by Number Answered
Your Score History
You have not taken this quiz